000 00308 a2200109 4500
001 ART_17523
005 20260410161750.0
008 260409a
245 1 0 _aInnovation and entrepreneurship
100 1 _aDrucker, Peter Ferdinand
773 0 _tBook Summary
_g- NÂș 13 (ene. 2010)
_wREV4099
999 _c19585
_d19585